| 000 | 00390 a2200169 4500 | ||
|---|---|---|---|
| 001 | 69501 | ||
| 020 | _a97885322147 | ||
| 040 | _cAnchieta - Itaigara | ||
| 100 | _aBarbosa, Rogério Andrade | ||
| 240 | 1 | 0 |
_aOs segredos da múmia do gelo _lpor |
| 245 | 1 | 0 | _aOs segredos da múmia do gelo |
| 300 | _a73 | ||
| 362 | 0 | _a1997 | |
| 440 | 1 | _aFTD | |
| 650 | 4 | _aLiteratura juvenil | |
| 942 | _cBK | ||
| 999 |
_c69501 _d69501 |
||